Imagenes de una vida (Record no. 10107)

MARC details
000 -LEADER
campo de control de longitud fija 00668nam a2200193 i 4500
001 - NÚMERO DE CONTROL
campo de control 10107
003 - IDENTIFICADOR DE NÚMERO DE CONTROL
campo de control ES-MaACL
005 - FECHA Y HORA DE LA ÚLTIMA TRANSACCIÓN
campo de control 20230906145823.0
007 - CAMPO FIJO DE DESCRIPCIÓN FÍSICA--INFORMACIÓN GENERAL
campo de control de longitud fija t|
008 - DATOS DE LONGITUD FIJA--INFORMACIÓN GENERAL
campo de control de longitud fija 950213s1994 sp ||||1| spa d
020 ## - NÚMERO INTERNACIONAL ESTÁNDAR DEL LIBRO
Número Internacional Estándar del Libro 84-605-0104-3
080 ## - NÚMERO DE LA CLASIFICACIÓN DECIMAL UNIVERSAL
Número de la Clasificación Decimal Universal 92 Garrígues Diaz-Cañabate, Joaquín
100 1# - ENTRADA PRINCIPAL--NOMBRE DE PERSONA
Nombre de persona Garrigues, Luis Joaquín.
9 (RLIN) 55767
245 10 - MENCIÓN DEL TÍTULO
Título Imagenes de una vida
Resto del título : Joaquín Garrigues /
Mención de responsabilidad, etc. Luis Joaquin Garrigues.
260 ## - PUBLICACIÓN, DISTRIBUCIÓN, ETC.
Lugar de publicación, distribución, etc. [S.l.] :
Nombre del editor, distribuidor, etc. L.J. Garrigues,
Fecha de publicación, distribución, etc. D.L. 1994 (
Lugar de fabricación/manufactura Paracuellos del Jarama, Madrid :
Fabricante Closas, Orcoyen)
300 ## - DESCRIPCIÓN FÍSICA
Extensión 489 p. :
Otras características físicas il. ;
Dimensiones 23 cm.
600 14 - PUNTO DE ACCESO ADICIONAL DE MATERIA--NOMBRE DE PERSONA
Nombre de persona Garrigues, Joaquín (
Fechas asociadas al nombre 1899-1983)
9 (RLIN) 162586
852 ## - LOCALIZACIÓN
Ubicación ES-MaACL
Número de control de estantería L-17573
Sublocalización o colección R.123506
Holdings
Estatus retirado Estado de pérdida Estado de daño No para préstamo Biblioteca de origen Biblioteca actual Ubicación en estantería Fecha de adquisición Fuente de adquisición Total de préstamos Signatura topográfica completa Código de barras Visto por última vez Precio de reemplazo Tipo de ítem Koha
        Biblioteca del Ateneo de Madrid Biblioteca del Ateneo de Madrid Depósito 2 17/01/2008     L-17573 1010316 23/02/2023 23/02/2023 Libro impreso